| 000 | 01644nam0a2200349 4500 | ||
|---|---|---|---|
| 001 | RU\NLR\BIBL_A\022744991 | ||
| 005 | 20260503064426.0 | ||
| 010 |
_a978-5-04-231720-0 _92000 |
||
| 021 |
_aRU _bКН-П-26-000929 _9КН-П-26-0092 |
||
| 035 | _a(NLR Aleph) 022744991 | ||
| 090 |
_a13699946 _c13699946 |
||
| 100 | _a20260305d2026 a y0rusy50 ca | ||
| 101 | 1 |
_arus _cfre |
|
| 102 | _aRU | ||
| 105 | _ay z 000ay | ||
| 181 | 0 |
_ai4 _baxxe |
|
| 182 | 0 | _an | |
| 200 | 1 |
_aСломленная _eновеллы _fСимона де Бовуар _g[перевод с французского]: Гришанова В. |
|
| 203 |
_aТекст _bвизуальный _cнепосредственный |
||
| 210 |
_aМосква _cЭксмо _d2026 (печ. 2025) |
||
| 215 |
_a284, [1] с. _d20 |
||
| 225 | 1 |
_aМагистраль _iГлавный тренд |
|
| 300 | _aНезаконное потребление наркотических средств, психотропных веществ и их аналогов причиняет вред здоровью, их незаконный оборот запрещён и влечёт установленную законодательством ответственность | ||
| 327 | 1 | _aСодерж.: Возраст благоразумия; Монолог; Сломленная | |
| 333 | _a18+ | ||
| 686 | 1 | _aШ6(4Фр)67-440.4{Лх1649-50} | |
| 700 | 1 |
_7ca _8rus _aБовуар _bС. де _f1908-1986 _gСимона де _9114216 _3RU\NLR\AUTH\774234 |
|
| 942 | _cBOOK | ||
| 980 | _aNB | ||